| 000 | 02958nam a22003137a 4500 | ||
|---|---|---|---|
| 003 | OSt | ||
| 005 | 20210219122231.0 | ||
| 008 | 210219s1995 ck ac||gr|||| 00| 0 spa d | ||
| 020 | _a958942709X | ||
| 040 |
_aCO-JMCR _cCO-JMCR |
||
| 041 | 1 | _aspa | |
| 041 | 1 | _hfre | |
| 082 | 0 | 4 |
_a323 / _bR481d _223 |
| 100 | 1 |
_aRials, Stéphane, _eautora _913685 |
|
| 245 | 1 | 4 |
_aLos derechos del hombre : _b(la declaración de 1789) / _cStéphane Rials ; traducción de Rubén Sierra Mejía |
| 260 |
_aBogotá : _bInstituto para el Desarrollo de la Democracia Luis Carlos Galán, _c1995 |
||
| 300 |
_a224 páginas : _bilustraciones y retratos a blanco y negro ; _c23 cm. |
||
| 490 | 0 | _aPrograma educación para la democracia | |
| 500 | _aIncluye notas a pie de página. | ||
| 505 | 0 |
_tPrefacio, El misterio de las Luces / _rStéphane Rials _tFrancia, país de los derechos del hombre / _rGeorges Gusdorf _tRazón política y dinámica de las leyes en la declaración / _rElisabeth Guibert-Sledziewski _tLa declaración de los derechos o el deber de la humanidad : una filosofía de la esperanza _rSimone Goyard-Fabre _tOrígenes y fuentes doctrinales de la declaración de los derechos / _rMarcel Thomann _tIgualdad y libertad: en busca de los fundamentos del vinculo social _rPierre Bouretz _tSobre el hombre de la declaración de los derechos / _rXavier Martín _tLa resistencia a la opresión en la declaración / _rFlorence Bemoit-Rohmer y Patrick Wzchsmann _tLa declaración y el derecho a la propiedad / _rJean Morange _tLa interpretación de la declaración de los derechos: el ejemplo del Artículo 16 / _rMichel Troper _tEl derecho penal en la declaración de los derechos / _rJean-Marie Carbasse _tImpuesto y propiedad en el espíritu de la declaración / _rJean-Jacques Bienvenu _tRacionalismo e historicismo jurídicos. La primera recepción de la declaración de 1789 en Alemania / _rAlain Renaut _tBurke y la declaración de los derechos / _rPhilippe Raynaud |
|
| 520 | 3 | _aLa declaración de 1789 es el documento jurídico-político que condensa buena parte de las ideas y disputas intelectuales de la ilustración, además de las demandas en conflicto de las revolución. Constituye una de las instituciones fundamentales de la modernidad, el liberalismo y la democracia. Sin embargo, su trama, más allá de las lecturas simplificadoras, es compleja y sofisticada. Como lo fueron las ideas y la revolución que la produjo. Estudiar ese complejo arsenal político, es necesario no sólo para comprender mejor esos momentos fundadores de los Derechos Humanos como derecho positivo, sino también las proyecciones históricas de más de dos siglos, hasta nuestro días. | |
| 546 | _aTraducido del francés. | ||
| 650 | 1 | 4 |
_aDerechos civiles _913686 |
| 650 | 1 | 4 |
_aDerechos personales _913687 |
| 650 | 1 | 4 |
_aGarantías constitucionales _92578 |
| 650 | 1 | 4 |
_aLibertad _97022 |
| 700 | 1 |
_aSierra Mejía, Rubén, _etraductor _913688 |
|
| 942 |
_2ddc _cBK |
||
| 999 |
_c7251 _d7251 |
||